Entre cálculo racional y comportamiento reglado (Registro nro. 30327)

Detalles MARC
000 -LEADER
fixed length control field 00323 a2200109 4500
001 - CONTROL NUMBER
control field ART_27920
005 - DATE AND TIME OF LATEST TRANSACTION
control field 20260410161950.0
008 - FIXED-LENGTH DATA ELEMENTS--GENERAL INFORMATION
fixed length control field 260409a
100 1# - MAIN ENTRY--PERSONAL NAME
Personal name Trapani, Daniel A.
245 10 - TITLE STATEMENT
Title Entre cálculo racional y comportamiento reglado
773 0# - HOST ITEM ENTRY
Title Invenio
Related parts - Año 7, Nº 13 (nov. 2004)
Record control number REV27781

No hay ítems disponibles.